<?xml version="1.0" encoding="UTF-8"?>
<record
    xmlns:xsi="http://www.w3.org/2001/XMLSchema-instance"
    xsi:schemaLocation="http://www.loc.gov/MARC21/slim http://www.loc.gov/standards/marcxml/schema/MARC21slim.xsd"
    xmlns="http://www.loc.gov/MARC21/slim">

  <leader>00403nam a22001337a 4500</leader>
  <controlfield tag="008">230817b        |||||||| |||| 00| 0 eng d</controlfield>
  <datafield tag="020" ind1=" " ind2=" ">
    <subfield code="a">978-1466488359</subfield>
  </datafield>
  <datafield tag="050" ind1=" " ind2=" ">
    <subfield code="a">QA76.59</subfield>
    <subfield code="b">.C63J86 2011</subfield>
  </datafield>
  <datafield tag="100" ind1=" " ind2=" ">
    <subfield code="a">June, Fore</subfield>
  </datafield>
  <datafield tag="245" ind1=" " ind2=" ">
    <subfield code="a">An Introduction to 3D Computer Graphics, Stereoscopic Image, and Animation in OenGL and C/C++</subfield>
    <subfield code="c">Fore June</subfield>
  </datafield>
  <datafield tag="260" ind1=" " ind2=" ">
    <subfield code="c">2011</subfield>
  </datafield>
  <datafield tag="300" ind1=" " ind2=" ">
    <subfield code="a">xiv, 450p.</subfield>
    <subfield code="b">ill:</subfield>
  </datafield>
  <datafield tag="942" ind1=" " ind2=" ">
    <subfield code="2">lcc</subfield>
    <subfield code="c">BK</subfield>
  </datafield>
  <datafield tag="999" ind1=" " ind2=" ">
    <subfield code="c">20240</subfield>
    <subfield code="d">20239</subfield>
  </datafield>
  <datafield tag="952" ind1=" " ind2=" ">
    <subfield code="0">0</subfield>
    <subfield code="1">0</subfield>
    <subfield code="2">lcc</subfield>
    <subfield code="7">0</subfield>
    <subfield code="a">KABU</subfield>
    <subfield code="b">KABU</subfield>
    <subfield code="d">2023-08-17</subfield>
    <subfield code="g">3577.00</subfield>
    <subfield code="i">1230/2020</subfield>
    <subfield code="l">0</subfield>
    <subfield code="o">QA76.59 .C63J86 2011 C.1</subfield>
    <subfield code="p">030125</subfield>
    <subfield code="r">2023-08-17 00:00:00</subfield>
    <subfield code="t">C.1</subfield>
    <subfield code="w">2023-08-17</subfield>
    <subfield code="y">BK</subfield>
  </datafield>
  <datafield tag="952" ind1=" " ind2=" ">
    <subfield code="0">0</subfield>
    <subfield code="1">0</subfield>
    <subfield code="2">lcc</subfield>
    <subfield code="7">0</subfield>
    <subfield code="a">KABU</subfield>
    <subfield code="b">KABU</subfield>
    <subfield code="d">2023-08-17</subfield>
    <subfield code="g">3577.00</subfield>
    <subfield code="i">1231/2020</subfield>
    <subfield code="l">0</subfield>
    <subfield code="o">QA76.59 .C63J86 2011 C.2</subfield>
    <subfield code="p">030126</subfield>
    <subfield code="r">2023-08-17 00:00:00</subfield>
    <subfield code="t">C.2</subfield>
    <subfield code="w">2023-08-17</subfield>
    <subfield code="y">BK</subfield>
  </datafield>
  <datafield tag="952" ind1=" " ind2=" ">
    <subfield code="0">0</subfield>
    <subfield code="1">0</subfield>
    <subfield code="2">lcc</subfield>
    <subfield code="7">0</subfield>
    <subfield code="a">KABU</subfield>
    <subfield code="b">KABU</subfield>
    <subfield code="d">2023-08-17</subfield>
    <subfield code="g">3577.00</subfield>
    <subfield code="i">1229/2020</subfield>
    <subfield code="l">0</subfield>
    <subfield code="o">QA76.59 .C63J86 2011 C.3</subfield>
    <subfield code="p">030127</subfield>
    <subfield code="r">2023-08-17 00:00:00</subfield>
    <subfield code="t">C.3</subfield>
    <subfield code="w">2023-08-17</subfield>
    <subfield code="y">BK</subfield>
  </datafield>
</record>
